| 000 | 00644nam a22002057a 4500 | ||
|---|---|---|---|
| 003 | OSt | ||
| 005 | 20250830012139.0 | ||
| 008 | 250830b |||||||| |||| 00| 0 eng d | ||
| 020 | _a978-0-323-03202-5. | ||
| 040 |
_aDWCL-Admin lib _cOC |
||
| 082 |
_27th ed. _aCirc. 616.2 G218 2008 |
||
| 100 | _aGardenhire, Douglas S. | ||
| 245 |
_aRau's respiratory care pharmacology _cDouglas S. Gardenhire |
||
| 260 |
_aMissouri : _bMosby Elsevier, _cc2008. |
||
| 300 |
_axx, 524 p. : _bcol. ill. ; _c25 cm. |
||
| 504 | _aIncludes index. | ||
| 650 | _a1. Respiratory agents. | ||
| 650 | _a2. Respiratory therapy. | ||
| 942 |
_2ddc _cBK-CIRC _e7th ed. _kCirc. _n0 |
||
| 999 |
_c4382 _d4382 |
||